| 000 | 00573nam a2200241 a 4500 | ||
|---|---|---|---|
| 001 | nice12345678 | ||
| 003 | IN_TiNIC | ||
| 005 | 20260116013638.0 | ||
| 008 | 050524s1995 dela grp 000 0 eng | ||
| 020 |
_a0670591 _c295 |
||
| 082 | 0 | 0 |
_a954.6 _bTAV |
| 100 | _aTavleen, Singh | ||
| 245 |
_aKashmir _b Tragedy of Errors |
||
| 260 |
_aDelhi _bPenguin Books _c1995 |
||
| 300 | _a253p | ||
| 500 | _aincludes index and biblioraphy | ||
| 505 | 2 | _aIndex | |
| 650 | _aKashmir | ||
| 700 | 1 | _aTavleen, Singh | |
| 902 | _bSRS | ||
| 942 | _cBK | ||
| 999 |
_c11785 _d11785 |
||